00768naa a22001451i 4500003000900000005001700009008004100026040001600067100013000083245013900213500002900352655003000381773011800411711009300529KOSZ 00520180220150445.0171124s2010 pl ||||| |||| 10| 0 pol d cKOSZ 005/ac1 aSŁOWIK, Adam.d2005 - .bPolitechnika Koszalińska - Wydział Elektroniki i Informatyki,cKatedra Inżynierii Komputerowej10aEwolucyjne projektowanie filtrów cyfrowych o nietypowych charakterystykach i skończonej długosci słowa bitowego /cAdam Słowik. aDane z listy A. Słowik. 4aMateriały konferencyjne.0 iW :tIX Krajowa Konferencja Elektroniki : materiały konferencyjne. -dDarłówko Wschodnie, 2010. -gs. 255-26122aKrajowa Konferencja Elektronikin(9 ;d2010 ;cDarłówko Wschodnie, Polska).pKKE'2010